<?xml version="1.0" encoding="UTF-8"?>
<collection xmlns="http://www.loc.gov/MARC21/slim">
 <record>
  <leader>00833nam a22002171  4500</leader>
  <controlfield tag="001">1/20116</controlfield>
  <controlfield tag="008">030805s1999    ge            0 1   ger d</controlfield>
  <datafield tag="020" ind1=" " ind2=" ">
   <subfield code="a">3933812011</subfield>
  </datafield>
  <datafield tag="035" ind1=" " ind2=" ">
   <subfield code="l">20703</subfield>
  </datafield>
  <datafield tag="040" ind1=" " ind2=" ">
   <subfield code="a">GR-PeUP</subfield>
  </datafield>
  <datafield tag="082" ind1="0" ind2="0">
   <subfield code="a">337.142 WE</subfield>
  </datafield>
  <datafield tag="100" ind1="1" ind2=" ">
   <subfield code="a">Wehmeier, Axel.</subfield>
  </datafield>
  <datafield tag="245" ind1="1" ind2="0">
   <subfield code="a">Ein Europa, ein Markt, ein Recht? :</subfield>
   <subfield code="b">eine verfassungsokonomische Analyse /</subfield>
   <subfield code="c">Axel Wehmeier</subfield>
  </datafield>
  <datafield tag="260" ind1=" " ind2=" ">
   <subfield code="a">Koln :</subfield>
   <subfield code="b">Institut fόr Wirtschaftspolitik an der Universitat Koln,</subfield>
   <subfield code="c">1999</subfield>
  </datafield>
  <datafield tag="300" ind1=" " ind2=" ">
   <subfield code="a">v, 355 p. :</subfield>
   <subfield code="b">ill. ;c24 cm.</subfield>
  </datafield>
  <datafield tag="490" ind1="1" ind2=" ">
   <subfield code="a">Untersuchungen zur Wirtschaftspolitik ;</subfield>
  </datafield>
  <datafield tag="504" ind1=" " ind2=" ">
   <subfield code="a">Includes bibliographical references</subfield>
  </datafield>
  <datafield tag="650" ind1="2" ind2="4">
   <subfield code="a">Educational technology</subfield>
   <subfield code="x">Engyclopaedia.</subfield>
  </datafield>
  <datafield tag="650" ind1=" " ind2="4">
   <subfield code="a">Law</subfield>
   <subfield code="x">Economic aspects.</subfield>
  </datafield>
  <datafield tag="830" ind1=" " ind2=" ">
   <subfield code="a">Untersuchungen zur Wirtschaftspolitik ;</subfield>
   <subfield code="v">113</subfield>
  </datafield>
  <datafield tag="852" ind1=" " ind2=" ">
   <subfield code="a">INST</subfield>
   <subfield code="b">UNIPILB</subfield>
   <subfield code="c">MAIN</subfield>
   <subfield code="e">20040709</subfield>
   <subfield code="h">337.142 WE</subfield>
   <subfield code="p">00141122</subfield>
   <subfield code="q">00141122</subfield>
   <subfield code="t">LOAN</subfield>
   <subfield code="y">4</subfield>
   <subfield code="x">20031207</subfield>
   <subfield code="4">1</subfield>
  </datafield>
 </record>
</collection>
